Statistiques concernant Les 20 États américains les moins peuplés

Cliquez ici pour prendre le quiz!

Statistiques générales

  • Ce quiz a été pris 133 fois
  • Le résultat moyen est 13 sur 20

Statistiques - réponses

PopulationÉtat% Correct
814 180Dakota du Sud
86%
672 591Dakota du Nord
85%
710 231Alaska
80%
563 626Wyoming
79%
989 415Montana
76%
1 328 361Maine
76%
2 763 885Utah
75%
1 567 582Idaho
75%
625 741Vermont
74%
2 915 918Arkansas
70%
1 052 567Rhode Island
68%
2 853 118Kansas
68%
1 360 301Hawaï
65%
2 059 179Nouveau-Mexique
63%
2 700 551Nevada
62%
1 826 341Nebraska
61%
1 316 470New Hampshire
57%
897 934Delaware
55%
1 852 994Virginie-Occidentale
39%
2 967 297Mississippi
28%

Distribution des résultats

Percentile par nombre de réponses

% des personnes avec chaque résultat

Votre développement - résultats

Vous n’avez pas pris ce quiz